Constitucion con sus reformas y recopilacion de legislacion penal y de menores (Registro nro. 13331)

Detalles MARC
000 -LEADER
fixed length control field 00475nam a2200157Ia 4500
008 - FIXED-LENGTH DATA ELEMENTS--GENERAL INFORMATION
fixed length control field 250905s9999 xx 000 0 und d
040 ## - CATALOGING SOURCE
Original cataloging agency UPAN
Transcribing agency Biblioteca San Vicente
Description conventions RCAA11
041 ## - LANGUAGE CODE
Language code of text/sound track or separate title spa
082 ## - DEWEY DECIMAL CLASSIFICATION NUMBER
-- 48.02C733c
110 ## - MAIN ENTRY--CORPORATE NAME
Corporate name or jurisdiction name as entry element Comision coordinadora del sector de justicia
245 #0 - TITLE STATEMENT
Title Constitucion con sus reformas y recopilacion de legislacion penal y de menores
250 ## - EDITION STATEMENT
Edition statement Tomo I
260 ## - PUBLICATION, DISTRIBUTION, ETC. (IMPRINT)
Place of publication, distribution, etc El Salvador
Name of publisher, distributor, etc UTE
Date of publication, distribution, etc 2000
300 ## - PHYSICAL DESCRIPTION
Extent 903p.
Dimensions 23 cm.
942 ## - ADDED ENTRY ELEMENTS (KOHA)
Koha item type Libros

No hay ítems disponibles.